[Event "Open de la Constitución 2019"]
[Site "S. S. de los Reyes ESP"]
[Date "2019.12.01"]
[Round "2.22"]
[White "Valle Fernandez de Castro, Luis"]
[Black "Villaverde Casalengua, Jose Luis"]
[Result "0-1"]
[WhiteElo "1174"]
[BlackElo "1675"]
[PlyCount "92"]
[EventDate "2019.11.30"]
[EventType "swiss"]
[EventRounds "9"]
[EventCountry "ESP"]
[SourceTitle "Ajedrez en Madrid"]
[Source "lmi"]
[SourceDate "2019.11.30"]
[SourceVersion "1"]
[SourceVersionDate "2019.12.16"]
[SourceQuality "1"]

1. e4 d6 2. d4 Nf6 3. Nc3 g6 4. Bd3 Bg7 5. Be3 O-O 6. Nf3 Nc6 7. O-O Ng4 8. d5
Nxe3 9. fxe3 Ne5 10. Bb5 a6 11. Ba4 b5 12. Bb3 b4 13. Ne2 Nxf3+ 14. Rxf3 Bxb2
15. Rb1 Be5 16. Bc4 Bg4 17. Rf2 Bxe2 18. Qxe2 a5 19. Rbf1 Qd7 20. Bb5 Qc8 21.
Bc6 Rb8 22. Rf3 f6 23. Bb5 Qg4 24. Qc4 Rb6 25. Ba4 Qc8 26. Bb5 Kg7 27. a3 bxa3
28. Qa4 Bb2 29. Bd7 Qb8 30. Be6 Rb5 31. c4 Rc5 32. Qd7 Qe8 33. h4 Qxd7 34. Bxd7
Rxc4 35. Rg3 Kh8 36. Be6 Rc1 37. e5 Rxf1+ 38. Kxf1 Bxe5 39. Rg4 a2 40. h5 a1=Q+
41. Kf2 g5 42. h6 Qb2+ 43. Kf3 Qb3 44. Re4 Rb8 45. Rg4 Qd1+ 46. Kf2 Rb2# 0-1

[Event "Open de la Constitución 2019"]
[Site "S. S. de los Reyes ESP"]
[Date "2019.12.01"]
[Round "2.23"]
[White "Boza Moreno, Pedro"]
[Black "Lopez-Ibarra Perdones, Miguel"]
[Result "0-1"]
[WhiteElo "1671"]
[BlackElo "1136"]
[PlyCount "20"]
[EventDate "2019.11.30"]
[EventType "swiss"]
[EventRounds "9"]
[EventCountry "ESP"]
[SourceTitle "Ajedrez en Madrid"]
[Source "lmi"]
[SourceDate "2019.11.30"]
[SourceVersion "1"]
[SourceVersionDate "2019.12.16"]
[SourceQuality "1"]

1. d4 d5 2. Nf3 Nc6 3. e3 Nf6 4. Bb5 Qd7 5. Ne5 Qd6 6. Nc3 Ne4 7. Qf3 f6 8.
Qh5+ g6 9. Nxg6 Bg4 10. Nxh8+ Bxh5 0-1

[Event "Open de la Constitución 2019"]
[Site "S. S. de los Reyes ESP"]
[Date "2019.12.01"]
[Round "2.24"]
[White "Raskin Calvo, Elizabetta"]
[Black "Savchuk, Olga"]
[Result "0-1"]
[WhiteElo "1144"]
[BlackElo "1611"]
[PlyCount "118"]
[EventDate "2019.11.30"]
[EventType "swiss"]
[EventRounds "9"]
[EventCountry "ESP"]
[SourceTitle "Ajedrez en Madrid"]
[Source "lmi"]
[SourceDate "2019.11.30"]
[SourceVersion "1"]
[SourceVersionDate "2019.12.16"]
[SourceQuality "1"]

1. e4 e5 2. Nf3 Nc6 3. Bb5 Nf6 4. Nc3 Bc5 5. O-O O-O 6. Nd5 Nxe4 7. Bxc6 bxc6
8. Nc3 Nxc3 9. dxc3 d6 10. Be3 Bb6 11. a4 Bg4 12. h3 Bh5 13. a5 Bxe3 14. fxe3
e4 15. g4 exf3 16. gxh5 Qg5+ 17. Kf2 Qg2+ 18. Ke1 Qxh3 19. Qxf3 Qxf3 20. Rxf3
Rab8 21. b3 Rb5 22. Ra4 Rxh5 23. a6 Re8 24. Rb4 Rb5 25. Rc4 c5 26. b4 Re5 27.
Rcf4 f6 28. Rf5 cxb4 29. Rxe5 dxe5 30. cxb4 Rxb4 31. Kd2 Ra4 32. e4 Rxa6 33.
Rc3 Rd6+ 34. Ke3 c6 35. Ra3 Rd7 36. Ra6 Rc7 37. Kd3 Kf7 38. Kc4 h5 39. Kd3 h4
40. Ke2 g5 41. Kf2 Kg6 42. Kg2 Kh5 43. Kh3 g4+ 44. Kh2 Kg5 45. Ra1 Rb7 46. Rf1
Rb4 47. Rf5+ Kg6 48. Rf2 Rxe4 49. c3 g3+ 50. Kg2 gxf2 51. Kxf2 a5 52. Kf3 f5
53. c4 a4 54. c5 a3 55. Kf2 a2 56. Kf3 a1=Q 57. Kf2 Qe1+ 58. Kg2 Rg4+ 59. Kf3
e4# 0-1

[Event "Open de la Constitución 2019"]
[Site "S. S. de los Reyes ESP"]
[Date "2019.12.01"]
[Round "2.26"]
[White "Luque Sanz, Victor"]
[Black "Martinez Miura, Enrique"]
[Result "0-1"]
[WhiteElo "1132"]
[BlackElo "1554"]
[PlyCount "38"]
[EventDate "2019.11.30"]
[EventType "swiss"]
[EventRounds "9"]
[EventCountry "ESP"]
[SourceTitle "Ajedrez en Madrid"]
[Source "lmi"]
[SourceDate "2019.11.30"]
[SourceVersion "1"]
[SourceVersionDate "2019.12.16"]
[SourceQuality "1"]

1. e4 e6 2. d4 d5 3. e5 c5 4. c3 cxd4 5. cxd4 Nc6 6. Nf3 a6 7. Bg5 Be7 8. Bxe7
Ngxe7 9. Bd3 Qb6 10. Bc2 Qxb2 11. Nbd2 Nxd4 12. Nb3 Nxc2+ 13. Kf1 Nxa1 14. Nxa1
Bd7 15. Nb3 Ba4 16. Nfd4 Bxb3 17. Qxb3 Qxb3 18. axb3 Rc8 19. f4 Rc1+ 0-1

[Event "Open de la Constitución 2019"]
[Site "S. S. de los Reyes ESP"]
[Date "2019.12.02"]
[Round "3.1"]
[White "Cabañas Bravo, Juan Andres"]
[Black "Longa Yauca, Javier"]
[Result "1/2-1/2"]
[WhiteElo "2063"]
[BlackElo "2198"]
[PlyCount "125"]
[EventDate "2019.11.30"]
[EventType "swiss"]
[EventRounds "9"]
[EventCountry "ESP"]
[SourceTitle "Ajedrez en Madrid"]
[Source "lmi"]
[SourceDate "2019.11.30"]
[SourceVersion "1"]
[SourceVersionDate "2019.12.16"]
[SourceQuality "1"]

1. e4 Nf6 2. e5 Nd5 3. d4 d6 4. c4 Nb6 5. exd6 cxd6 6. Nc3 g6 7. Be3 Bg7 8. Rc1
O-O 9. b3 Nc6 10. d5 Ne5 11. Be2 h5 12. h3 e6 13. dxe6 Bxe6 14. Nf3 d5 15. Bxb6
Qxb6 16. cxd5 Rfd8 17. O-O Rac8 18. Na4 Qa5 19. Rxc8 Bxc8 20. Nxe5 Bxe5 21. Bf3
Qb4 22. Qe2 Qf4 23. g3 Qf6 24. Bg2 Bd4 25. Rd1 b5 26. Qd2 Be5 27. Nc5 h4 28.
Ne4 Qb6 29. gxh4 Bf5 30. Qe3 Qb8 31. h5 Bf4 32. Qf3 Bxe4 33. Qxe4 gxh5 34. Qf5
Qe5 35. Qxe5 Bxe5 36. Rc1 Bd6 37. Rc6 Kg7 38. Kf1 h4 39. Ke2 f5 40. Kd3 Kf6 41.
Kd4 b4 42. Bf1 Ke7 43. Bd3 Kf6 44. Ra6 Kg5 45. Rxa7 Rc8 46. Ra6 Rd8 47. Rxd6
Rxd6 48. Ke5 Rd8 49. d6 Re8+ 50. Kd5 Kf6 51. d7 Rh8 52. Kd6 f4 53. Be2 Rd8 54.
Bb5 Rf8 55. Be2 Rd8 56. Bh5 Ra8 57. Bf3 Rh8 58. Bc6 Rd8 59. Bd5 Rh8 60. Be6 Rf8
61. Bg4 Rg8 62. Bh5 Rd8 63. Bf3 1/2-1/2

[Event "Open de la Constitución 2019"]
[Site "S. S. de los Reyes ESP"]
[Date "2019.12.02"]
[Round "3.2"]
[White "Aziz Ortego, Omar Luis"]
[Black "Iagar, Razvan-Gabriel"]
[Result "1/2-1/2"]
[WhiteElo "2019"]
[BlackElo "2182"]
[PlyCount "146"]
[EventDate "2019.11.30"]
[EventType "swiss"]
[EventRounds "9"]
[EventCountry "ESP"]
[SourceTitle "Ajedrez en Madrid"]
[Source "lmi"]
[SourceDate "2019.11.30"]
[SourceVersion "1"]
[SourceVersionDate "2019.12.16"]
[SourceQuality "1"]

1. e4 e6 2. d4 d5 3. Bd3 dxe4 4. Bxe4 Nf6 5. Bd3 c5 6. dxc5 Bxc5 7. Nf3 Nbd7 8.
O-O b6 9. Nc3 Bb7 10. Bf4 a6 11. Qe2 O-O 12. Rad1 b5 13. Ne5 Nd5 14. Bg3 Nxe5
15. Qxe5 Qf6 16. Ne4 Qxe5 17. Bxe5 Bb6 18. Nd6 Bc6 19. c4 bxc4 20. Nxc4 Bc5 21.
Bd6 Bxd6 22. Nxd6 Rfd8 23. Ne4 Nf4 24. Bb1 Kf8 25. f3 Bb5 26. Rfe1 h6 27. Nc3
Bc6 28. Kf2 Rab8 29. Rxd8+ Rxd8 30. Rd1 Rb8 31. Rd2 Ke7 32. Ke3 Nd5+ 33. Nxd5+
Bxd5 34. b3 a5 35. Be4 Bxe4 36. Kxe4 Rb4+ 37. Rd4 Rb5 38. Kd3 g5 39. Kc4 Re5
40. Rd2 h5 41. b4 axb4 42. Kxb4 Re1 43. a4 Rb1+ 44. Kc5 Rc1+ 45. Kb6 Rb1+ 46.
Ka6 Rb3 47. a5 Rb1 48. Ka7 Rb3 49. a6 Rb1 50. Ra2 f6 51. Ra4 h4 52. h3 Rb2 53.
Ka8 Kd6 54. Rd4+ Ke5 55. Ra4 Kd6 56. a7 f5 57. Rc4 Kd7 58. Rc3 Rb4 59. Rc1 Rb3
60. Rg1 Kd6 61. Rd1+ Kc7 62. Rd2 Rb4 63. Rf2 Kd6 64. Rc2 Kd7 65. Rc1 Rb3 66.
Rc4 Rb2 67. f4 g4 68. Ra4 g3 69. Ra6 Rb1 70. Ra2 Rb3 71. Rd2+ Kc7 72. Re2 Kd7
73. Rxe6 Kxe6 1/2-1/2

[Event "Open de la Constitución 2019"]
[Site "S. S. de los Reyes ESP"]
[Date "2019.12.02"]
[Round "3.3"]
[White "Alfaya Marcelo, Roberto"]
[Black "Martin Rodriguez, Emilio"]
[Result "0-1"]
[WhiteElo "2171"]
[BlackElo "2030"]
[PlyCount "80"]
[EventDate "2019.11.30"]
[EventType "swiss"]
[EventRounds "9"]
[EventCountry "ESP"]
[SourceTitle "Ajedrez en Madrid"]
[Source "lmi"]
[SourceDate "2019.11.30"]
[SourceVersion "1"]
[SourceVersionDate "2019.12.16"]
[SourceQuality "1"]

1. d4 d5 2. c4 c6 3. Nc3 Nf6 4. Nf3 g6 5. Bf4 Bg7 6. e3 O-O 7. h3 c5 8. dxc5
Ne4 9. Be5 Nxc3 10. bxc3 Bxe5 11. Nxe5 Be6 12. Qb3 Na6 13. Rd1 Nxc5 14. Qa3 Qd6
15. Ke2 Ne4 16. Qxd6 exd6 17. cxd5 Nxc3+ 18. Ke1 Nxd1 19. dxe6 dxe5 20. exf7+
Kg7 21. Kxd1 Rfd8+ 22. Ke2 Rac8 23. Kf3 Rc1 24. g4 Kxf7 25. Bg2 Rxh1 26. Bxh1
Ke6 27. Ke2 b5 28. Be4 Kf6 29. h4 h6 30. f4 exf4 31. exf4 a5 32. g5+ hxg5 33.
hxg5+ Kg7 34. Bc6 Rd4 35. Ke3 Rb4 36. Bd5 a4 37. a3 Rb1 38. Kd3 Rd1+ 39. Ke4 b4
40. axb4 Rxd5 0-1

[Event "Open de la Constitución 2019"]
[Site "S. S. de los Reyes ESP"]
[Date "2019.12.02"]
[Round "3.4"]
[White "Ramos Fernandez, Pedro"]
[Black "Perez Gonzalez, Jose Manuel"]
[Result "0-1"]
[WhiteElo "2008"]
[BlackElo "2161"]
[PlyCount "93"]
[EventDate "2019.11.30"]
[EventType "swiss"]
[EventRounds "9"]
[EventCountry "ESP"]
[SourceTitle "Ajedrez en Madrid"]
[Source "lmi"]
[SourceDate "2019.11.30"]
[SourceVersion "1"]
[SourceVersionDate "2019.12.16"]
[SourceQuality "1"]

1. e4 c5 2. Nf3 g6 3. d4 cxd4 4. Nxd4 Nc6 5. Nc3 Bg7 6. Be3 Nf6 7. Be2 O-O 8.
Nb3 d6 9. O-O Be6 10. f4 Qc8 11. Bd3 Ng4 12. Bf2 Nxf2 13. Kxf2 a5 14. a4 Nb4
15. Kg1 Bxc3 16. bxc3 Qxc3 17. Rb1 Rac8 18. Kh1 b6 19. Nc1 Qc6 20. Ne2 Qxa4 21.
Qe1 Bc4 22. Bxc4 Rxc4 23. c3 Nd3 24. Qg3 Nc5 25. e5 Qc2 26. Nd4 Qxc3 27. Qxc3
Rxc3 28. exd6 exd6 29. Rxb6 Ne4 30. Ra6 Ra3 31. f5 a4 32. g4 Ra2 33. Kg1 Ng5
34. Rc1 Rd2 35. Nc6 Nf3+ 36. Kf1 Nxh2+ 37. Ke1 Nf3+ 38. Kf1 Re8 39. f6 Nh2+ 40.
Kg1 Nxg4 41. Ne7+ Kf8 42. Ra7 Nxf6 43. Rcc7 Rb8 44. Nxg6+ fxg6 45. Rf7+ Kg8 46.
Rxf6 Rb1+ 47. Rf1 0-1

[Event "Open de la Constitución 2019"]
[Site "S. S. de los Reyes ESP"]
[Date "2019.12.02"]
[Round "3.5"]
[White "Bello Burguet, Glenier Lazaro"]
[Black "Torres Boch, Jose F."]
[Result "0-1"]
[WhiteElo "2001"]
[BlackElo "2154"]
[PlyCount "86"]
[EventDate "2019.11.30"]
[EventType "swiss"]
[EventRounds "9"]
[EventCountry "ESP"]
[SourceTitle "Ajedrez en Madrid"]
[Source "lmi"]
[SourceDate "2019.11.30"]
[SourceVersion "1"]
[SourceVersionDate "2019.12.16"]
[SourceQuality "1"]

1. Nf3 Nf6 2. c4 g6 3. Nc3 Bg7 4. e4 d6 5. d4 O-O 6. Be2 e5 7. dxe5 dxe5 8.
Qxd8 Rxd8 9. Bg5 Re8 10. Nd5 Nxd5 11. cxd5 c6 12. Bc4 cxd5 13. Bxd5 Nc6 14.
Bxc6 bxc6 15. O-O Be6 16. Rfc1 Rab8 17. b3 Rec8 18. Be7 Rb5 19. Rc2 f6 20. b4
a5 21. a3 Kf7 22. Bc5 Bh6 23. bxa5 Rxa5 24. Rb1 Rb5 25. Rb4 Rd8 26. Kf1 Bb3 27.
Rc3 Rd1+ 28. Ke2 Rb1 29. Nd2 Bd1+ 30. Kd3 Ra1 31. Rxb5 cxb5 32. Bb4 g5 33. f3
g4 34. Rc5 gxf3 35. gxf3 Ba4 36. Rc7+ Kg6 37. Rc8 Rh1 38. Rg8+ Kf7 39. Rg2 Bf4
40. Ke2 Bxh2 41. Nf1 Bf4 42. Ne3 Bb3 43. Nf5 Bc4+ 0-1

[Event "Open de la Constitución 2019"]
[Site "S. S. de los Reyes ESP"]
[Date "2019.12.02"]
[Round "3.6"]
[White "Salvador Cabo, Cesar"]
[Black "Pindado Campos, Raul"]
[Result "1-0"]
[WhiteElo "1988"]
[BlackElo "2100"]
[PlyCount "63"]
[EventDate "2019.11.30"]
[EventType "swiss"]
[EventRounds "9"]
[EventCountry "ESP"]
[SourceTitle "Ajedrez en Madrid"]
[Source "lmi"]
[SourceDate "2019.11.30"]
[SourceVersion "1"]
[SourceVersionDate "2019.12.16"]
[SourceQuality "1"]

1. e4 c5 2. Nf3 d6 3. Bb5+ Bd7 4. Bxd7+ Nxd7 5. O-O Ngf6 6. Re1 g6 7. c3 Bg7 8.
d4 e5 9. dxe5 dxe5 10. c4 O-O 11. Nc3 h6 12. Qc2 Re8 13. Be3 Qc8 14. Nd5 Kh7
15. h3 Ng8 16. a3 Nf8 17. b4 Ne6 18. Kh2 Nd4 19. Qd3 Nxf3+ 20. gxf3 b6 21. bxc5
bxc5 22. Rab1 Rf8 23. Rb5 f5 24. Rxc5 Qd8 25. Rc7 Qh4 26. Rb1 Rab8 27. Rxb8
Rxb8 28. exf5 Rb2 29. Kg2 Kh8 30. f6 Nxf6 31. Qxg6 Ne8 32. Rc8 1-0

[Event "Open de la Constitución 2019"]
[Site "S. S. de los Reyes ESP"]
[Date "2019.12.02"]
[Round "3.7"]
[White "Martinez Fernandez, Raul"]
[Black "Campos Calvo-Sotelo, Javier"]
[Result "1-0"]
[WhiteElo "2203"]
[BlackElo "1951"]
[PlyCount "49"]
[EventDate "2019.11.30"]
[EventType "swiss"]
[EventRounds "9"]
[EventCountry "ESP"]
[SourceTitle "Ajedrez en Madrid"]
[Source "lmi"]
[SourceDate "2019.11.30"]
[SourceVersion "1"]
[SourceVersionDate "2019.12.16"]
[SourceQuality "1"]

1. e4 e5 2. Nf3 Nf6 3. Nxe5 d6 4. Nxf7 Kxf7 5. d4 c6 6. Bd3 Be7 7. O-O Bg4 8.
f3 Bh5 9. g4 Bg6 10. g5 Nfd7 11. f4 Ke8 12. h4 h6 13. h5 hxg5 14. hxg6 gxf4 15.
Bxf4 Qb6 16. c3 c5 17. Na3 Nc6 18. Nc4 Qc7 19. Qg4 Nd8 20. e5 dxe5 21. Nxe5
Nxe5 22. Bb5+ Ndc6 23. Bxe5 Qd7 24. Qxd7+ Kxd7 25. d5 1-0

[Event "Open de la Constitución 2019"]
[Site "S. S. de los Reyes ESP"]
[Date "2019.12.02"]
[Round "3.8"]
[White "Marcos Herrero, Francisco"]
[Black "Quevedo Marin, Manuel"]
[Result "1/2-1/2"]
[WhiteElo "1788"]
[BlackElo "2197"]
[PlyCount "82"]
[EventDate "2019.11.30"]
[EventType "swiss"]
[EventRounds "9"]
[EventCountry "ESP"]
[SourceTitle "Ajedrez en Madrid"]
[Source "lmi"]
[SourceDate "2019.11.30"]
[SourceVersion "1"]
[SourceVersionDate "2019.12.16"]
[SourceQuality "1"]

1. c4 Nf6 2. Nf3 c6 3. b3 g6 4. Bb2 Bg7 5. e3 d5 6. Be2 O-O 7. O-O Bg4 8. d4
Qb6 9. Nbd2 a5 10. a3 Nbd7 11. h3 Bf5 12. g4 Be6 13. Ng5 Ne8 14. Qc2 Ndf6 15.
Nxe6 fxe6 16. g5 Nd7 17. c5 Qd8 18. f4 Nc7 19. h4 e5 20. dxe5 Ne6 21. b4 Nc7
22. Kg2 e6 23. h5 Nxe5 24. Nf3 Ng4 25. Qc1 Bxb2 26. Qxb2 Nxe3+ 27. Kg3 Nxf1+
28. Rxf1 axb4 29. hxg6 Qe7 30. Rh1 Qg7 31. gxh7+ Kh8 32. Qxb4 Nb5 33. Bxb5 cxb5
34. Ne5 Rf5 35. Qc3 Rxe5 36. Qxe5 Qxe5 37. fxe5 Rxa3+ 38. Kf2 Ra4 39. Kf3 Ra3+
40. Kf2 Ra2+ 41. Kf3 Ra3+ 1/2-1/2

[Event "Open de la Constitución 2019"]
[Site "S. S. de los Reyes ESP"]
[Date "2019.12.02"]
[Round "3.9"]
[White "Lozano Suarez, Luis Miguel"]
[Black "Garcia Minguez, Antonio"]
[Result "1-0"]
[WhiteElo "2130"]
[BlackElo "1542"]
[PlyCount "66"]
[EventDate "2019.11.30"]
[EventType "swiss"]
[EventRounds "9"]
[EventCountry "ESP"]
[SourceTitle "Ajedrez en Madrid"]
[Source "lmi"]
[SourceDate "2019.11.30"]
[SourceVersion "1"]
[SourceVersionDate "2019.12.16"]
[SourceQuality "1"]

1. c4 c5 2. g3 g6 3. Bg2 Bg7 4. Nc3 Nc6 5. a3 Nf6 6. Rb1 O-O 7. b4 cxb4 8. axb4
Rb8 9. b5 Nd4 10. e3 Ne6 11. Nge2 b6 12. O-O Bb7 13. Nd5 Nc7 14. Nec3 Ncxd5 15.
cxd5 e6 16. e4 exd5 17. exd5 d6 18. Ba3 Re8 19. Qb3 Bc8 20. d3 Bf5 21. Na2 Rc8
22. Nb4 Rc7 23. Nc6 Qd7 24. Rfd1 Bf8 25. Bb2 Bg7 26. Ra1 Ng4 27. Bxg7 Kxg7 28.
h3 Nh6 29. g4 Nxg4 30. hxg4 Bxg4 31. Re1 Rxe1+ 32. Rxe1 Bh3 33. Qb2+ f6 1-0

[Event "Open de la Constitución 2019"]
[Site "S. S. de los Reyes ESP"]
[Date "2019.12.02"]
[Round "3.10"]
[White "Bassani, Jaison Jose"]
[Black "Rodriguez Garcia, Alberto"]
[Result "1-0"]
[WhiteElo "2013"]
[BlackElo "1831"]
[PlyCount "91"]
[EventDate "2019.11.30"]
[EventType "swiss"]
[EventRounds "9"]
[EventCountry "ESP"]
[SourceTitle "Ajedrez en Madrid"]
[Source "lmi"]
[SourceDate "2019.11.30"]
[SourceVersion "1"]
[SourceVersionDate "2019.12.16"]
[SourceQuality "1"]

1. e4 c5 2. Nc3 a6 3. g3 b5 4. Bg2 Bb7 5. Nge2 e6 6. O-O h5 7. d4 h4 8. Be3 c4
9. Re1 d6 10. Qd2 Be7 11. Rad1 Nd7 12. a3 Qc7 13. b3 Nb6 14. d5 hxg3 15. hxg3
Nd7 16. dxe6 fxe6 17. Nf4 Kf7 18. Bh3 Rxh3 19. Nxh3 Ne5 20. Kg2 Rc8 21. Bd4 Ng6
22. b4 e5 23. Be3 Nf6 24. Ng5+ Kg8 25. f3 Qd7 26. Rh1 Rd8 27. Nd5 Bxd5 28. exd5
Rf8 29. Qe2 Qb7 30. Ne6 Rf7 31. Bc1 Bf8 32. Nd8 Qd7 33. Nxf7 Kxf7 34. Bg5 Qf5
35. Bxf6 gxf6 36. Qe4 Qg5 37. Qg4 Qe3 38. Rh7+ Bg7 39. Qd7+ Ne7 40. Rxg7+ Kxg7
41. Qxe7+ Kg6 42. Qe8+ Kg7 43. Qd7+ Kg6 44. Qg4+ Kf7 45. Qe4 Qc3 46. g4 1-0

[Event "Open de la Constitución 2019"]
[Site "S. S. de los Reyes ESP"]
[Date "2019.12.02"]
[Round "3.11"]
[White "Nuevo Benitez, Miguel Angel"]
[Black "Alonso Abad, Enrique"]
[Result "0-1"]
[WhiteElo "1707"]
[BlackElo "1994"]
[PlyCount "50"]
[EventDate "2019.11.30"]
[EventType "swiss"]
[EventRounds "9"]
[EventCountry "ESP"]
[SourceTitle "Ajedrez en Madrid"]
[Source "lmi"]
[SourceDate "2019.11.30"]
[SourceVersion "1"]
[SourceVersionDate "2019.12.16"]
[SourceQuality "1"]

1. b3 Nf6 2. Bb2 d5 3. e3 g6 4. f4 Bg7 5. Nf3 O-O 6. d3 c5 7. Qe2 Nc6 8. a3 d4
9. e4 e5 10. Nbd2 exf4 11. O-O-O Ng4 12. g3 fxg3 13. hxg3 h5 14. Bh3 b5 15.
Rdg1 Re8 16. Bxg4 Bxg4 17. Qg2 Rc8 18. Nh2 Ne5 19. Nxg4 Nxg4 20. Qf3 Bh6 21.
Rg2 c4 22. Kb1 c3 23. Nf1 cxb2 24. Nh2 Ne5 25. Qe2 Bc1 0-1

[Event "Open de la Constitución 2019"]
[Site "S. S. de los Reyes ESP"]
[Date "2019.12.02"]
[Round "3.12"]
[White "Gonzalez Prida, Jose Maria"]
[Black "Sanchez Saez, Francisco"]
[Result "0-1"]
[WhiteElo "1712"]
[BlackElo "2337"]
[PlyCount "82"]
[EventDate "2019.11.30"]
[EventType "swiss"]
[EventRounds "9"]
[EventCountry "ESP"]
[SourceTitle "Ajedrez en Madrid"]
[Source "lmi"]
[SourceDate "2019.11.30"]
[SourceVersion "1"]
[SourceVersionDate "2019.12.16"]
[SourceQuality "1"]

1. e4 c5 2. Nf3 d6 3. d3 Nc6 4. g3 g6 5. Bg2 Bg7 6. O-O Bd7 7. Nbd2 Qc8 8. Re1
Bh3 9. c3 h5 10. Bxh3 Qxh3 11. Ng5 Qd7 12. h4 Nh6 13. Kg2 Ng4 14. Nf1 O-O 15.
Ne3 Nce5 16. f4 Nxe3+ 17. Bxe3 Ng4 18. d4 Qb5 19. b3 Rac8 20. Rc1 Nxe3+ 21.
Rxe3 cxd4 22. c4 Qa5 23. Re2 b5 24. cxb5 Qxb5 25. Rec2 Rc3 26. Nf3 Rfc8 27.
Rxc3 dxc3 28. Rc2 a5 29. Nd4 Qb4 30. Ne2 Qxe4+ 31. Kh3 d5 32. Nc1 a4 33. Re2 c2
34. Qe1 Qf5+ 35. Kh2 Bf6 36. b4 d4 37. Rd2 Rc3 38. Ne2 Re3 39. Qc1 d3 40. Rxc2
Rxe2+ 41. Rxe2 dxe2 0-1

[Event "Open de la Constitución 2019"]
[Site "S. S. de los Reyes ESP"]
[Date "2019.12.02"]
[Round "3.13"]
[White "Rubio Caceres, Aaron"]
[Black "Lopez de Turiso, Jose Angel"]
[Result "0-1"]
[WhiteElo "1711"]
[BlackElo "1947"]
[PlyCount "88"]
[EventDate "2019.11.30"]
[EventType "swiss"]
[EventRounds "9"]
[EventCountry "ESP"]
[SourceTitle "Ajedrez en Madrid"]
[Source "lmi"]
[SourceDate "2019.11.30"]
[SourceVersion "1"]
[SourceVersionDate "2019.12.16"]
[SourceQuality "1"]

1. d4 f5 2. c4 Nf6 3. Nc3 e6 4. Nf3 Be7 5. e3 O-O 6. Bd3 d5 7. Qc2 c6 8. O-O
Ne4 9. Ne5 Nd7 10. f3 Nxe5 11. dxe5 Nxc3 12. Qxc3 Qb6 13. Kh1 Bc5 14. Bc2 d4
15. exd4 Bxd4 16. Qe1 Qc5 17. f4 Qxc4 18. Bb3 Qc5 19. Bd2 Qe7 20. Bc3 Bb6 21.
Bb4 c5 22. Ba5 Bxa5 23. Qxa5 b6 24. Qa4 Bb7 25. Rad1 Rfd8 26. Bc4 Bd5 27. Bxd5
Rxd5 28. Rxd5 exd5 29. Qc6 Rd8 30. a4 Qd7 31. Qxd7 Rxd7 32. Kg1 Kf7 33. Kf2 Ke6
34. Rc1 d4 35. a5 Kd5 36. axb6 axb6 37. Ra1 c4 38. Ke2 h6 39. Ra8 g5 40. Rb8
gxf4 41. Rxb6 Kxe5 42. Kd2 Rg7 43. Rxh6 Rxg2+ 44. Kc1 f3 0-1

[Event "Open de la Constitución 2019"]
[Site "S. S. de los Reyes ESP"]
[Date "2019.12.02"]
[Round "3.14"]
[White "Vazquez Gonzalez, Jesus"]
[Black "Estevez Sacristan, Deva"]
[Result "1-0"]
[WhiteElo "1929"]
[BlackElo "1719"]
[PlyCount "71"]
[EventDate "2019.11.30"]
[EventType "swiss"]
[EventRounds "9"]
[EventCountry "ESP"]
[SourceTitle "Ajedrez en Madrid"]
[Source "lmi"]
[SourceDate "2019.11.30"]
[SourceVersion "1"]
[SourceVersionDate "2019.12.16"]
[SourceQuality "1"]

1. e4 e6 2. Bd3 d5 3. c3 Nf6 4. e5 Nfd7 5. f4 c5 6. Bc2 d4 7. Nf3 Nc6 8. d3 Be7
9. O-O O-O 10. Qe2 b5 11. Nbd2 Nb6 12. c4 b4 13. Ne4 a5 14. Bd2 a4 15. b3 a3
16. g4 Nd7 17. g5 Re8 18. h4 Nf8 19. h5 Qc7 20. Nf6+ Bxf6 21. gxf6 g6 22. Qg2
h6 23. Kf2 Bb7 24. Rae1 Nd8 25. Rh1 Bxf3 26. Qxf3 Qc6 27. Qg4 Ra7 28. Bd1 Rd7
29. Bf3 Qc7 30. hxg6 fxg6 31. Rxh6 Rh7 32. Reh1 Qf7 33. Be4 Kh8 34. Bxg6 Nxg6
35. Rxh7+ Qxh7 36. Rxh7+ 1-0

[Event "Open de la Constitución 2019"]
[Site "S. S. de los Reyes ESP"]
[Date "2019.12.02"]
[Round "3.15"]
[White "De Vicente Guijarro, Juan"]
[Black "Perdiguero Herreros, Alejandro"]
[Result "1-0"]
[WhiteElo "1853"]
[BlackElo "1675"]
[PlyCount "91"]
[EventDate "2019.11.30"]
[EventType "swiss"]
[EventRounds "9"]
[EventCountry "ESP"]
[SourceTitle "Ajedrez en Madrid"]
[Source "lmi"]
[SourceDate "2019.11.30"]
[SourceVersion "1"]
[SourceVersionDate "2019.12.16"]
[SourceQuality "1"]

1. e4 c5 2. Nf3 Nc6 3. Nc3 Nf6 4. g3 e5 5. Bg2 Be7 6. O-O d6 7. h3 Nd4 8. d3
Be6 9. Ng5 Bd7 10. f4 exf4 11. gxf4 h6 12. Nf3 Nxf3+ 13. Rxf3 Qb6 14. e5 Nh7
15. Nd5 Qd8 16. exd6 Bxd6 17. Qe1+ Kf8 18. Bd2 g5 19. Bc3 Rg8 20. Qe4 f5 21.
fxg5 Nxg5 22. Rxf5+ Bxf5 23. Qxf5+ Nf7 24. Rf1 Rxg2+ 25. Kxg2 Qg5+ 26. Qxg5
hxg5 27. Bd2 Kg7 28. Nc3 Be5 29. Ne4 b6 30. b3 Kg6 31. Bc3 Bf4 32. a4 Rf8 33.
h4 Re8 34. Kh3 Nh6 35. h5+ Kf7 36. Nd6+ Kf8 37. Nxe8 Kxe8 38. a5 b5 39. a6 Nf5
40. Re1+ Kf7 41. Re2 Ne3 42. Bd2 Nd5 43. Rf2 Kg7 44. Bxf4 gxf4 45. Rg2+ Kh7 46.
Rg5 1-0

[Event "Open de la Constitución 2019"]
[Site "S. S. de los Reyes ESP"]
[Date "2019.12.02"]
[Round "3.16"]
[White "Minguela Muñoz, Bienvenido"]
[Black "De Dompablo Fantova, Juan"]
[Result "1-0"]
[WhiteElo "1827"]
[BlackElo "1598"]
[PlyCount "117"]
[EventDate "2019.11.30"]
[EventType "swiss"]
[EventRounds "9"]
[EventCountry "ESP"]
[SourceTitle "Ajedrez en Madrid"]
[Source "lmi"]
[SourceDate "2019.11.30"]
[SourceVersion "1"]
[SourceVersionDate "2019.12.16"]
[SourceQuality "1"]

1. Nf3 Nf6 2. d4 g6 3. c4 Bg7 4. Nc3 O-O 5. e4 d6 6. Bg5 c5 7. dxc5 Qa5 8. Bd2
Qxc5 9. Bd3 Be6 10. b4 Qc7 11. Nb5 Qd8 12. Rc1 a6 13. Nbd4 Bg4 14. h3 Bxf3 15.
Nxf3 Nc6 16. O-O Nd7 17. Bb1 Rc8 18. a3 Nce5 19. Nxe5 Nxe5 20. Qe2 Nc6 21. Be3
Nd4 22. Qd3 e5 23. f4 Qh4 24. Kh2 Qe7 25. g4 Rc7 26. f5 Bf6 27. Ba2 g5 28. Qd2
h6 29. h4 Rfc8 30. Qf2 b5 31. hxg5 hxg5 32. Kg3 Kg7 33. Rh1 Rh8 34. Rxh8 Kxh8
35. Rh1+ Kg7 36. Qh2 Kf8 37. Bxg5 Ke8 38. Be3 Kd7 39. c5 dxc5 40. Qd2 c4 41. g5
c3 42. gxf6 Qxf6 43. Qd3 c2 44. Rh7 Kc8 45. Bc1 Kb8 46. Kf2 Qb6 47. Qe3 Qf6 48.
Rh6 Qd8 49. Rxa6 Qc8 50. Ra5 Rc3 51. Bd5 Rxe3 52. Ra8+ Kc7 53. Rxc8+ Kxc8 54.
Kxe3 f6 55. Kd2 Kc7 56. Bb2 Kd6 57. Bxd4 exd4 58. Kxc2 Ke5 59. Kd3 1-0